书目信息 |
| 题名: |
房地产金融
|
|
| 作者: | 丁健 编著 | |
| 分册: | ||
| 出版信息: | 上海 上海译文出版社 2003.03 |
|
| 页数: | 189页 | |
| 开本: | 20cm | |
| 丛书名: | 金三角丛书 | |
| 单 册: | ||
| 中图分类: | F830.57 | |
| 科图分类: | ||
| 主题词: | 金融 , 银行 | |
| 电子资源: | ||
| ISBN: | 7-5327-3042-5 | |
| 000 | 00668nam0 2200241 450 | |
| 001 | 0755263649 | |
| 005 | 20080106140511.28 | |
| 010 | @a7-5327-3042-5@dCNY11.00 | |
| 100 | @a20071228d2003 km y0chiy0120 ea | |
| 101 | 0 | @achi |
| 102 | @aCN@b310000 | |
| 200 | 1 | @a房地产金融@Afang di chan jin rong@f丁健等编著@Fding jian deng bian zhu |
| 210 | @a上海@c上海译文出版社@d2003.03 | |
| 215 | @a189页@d20cm | |
| 225 | 2 | @a金三角丛书 |
| 410 | 0 | @12001 @a金三角丛书 |
| 606 | 0 | @a金融 |
| 606 | 0 | @a银行 |
| 690 | @aF830.57@v4 | |
| 701 | 0 | @a丁健@Ading jian@4编著 |
| 801 | 0 | @aCN@b大连网信软件有限公司图书馆@c20080106 |
| 905 | @aBZT@dF830.57@e1 | |
| 906 | @dCNY11.00@n0@r1 | |
| 房地产金融/丁健等编著.-上海:上海译文出版社,2003.03 |
| 189页;20cm.-(金三角丛书) |
| ISBN 7-5327-3042-5:CNY11.00 |
| ● |
| 相关链接 |
|
|
|
正题名:房地产金融
索取号:F830.57/1
 
预约/预借
| 序号 | 登录号 | 条形码 | 馆藏地/架位号 | 状态 | 备注 |
| 1 | 615770 | 2000615770 | 中心书库北库/ 北库035架B面1列2层43/ [索取号:F830.57/1] | 在馆 | |
| 2 | 615771 | 2000615771 | 中心书库北库/ 北库035架B面1列2层41/ [索取号:F830.57/1] | 在馆 | |
| 3 | 615772 | 2000615772 | 中心书库北库/ 北库035架B面1列2层45/ [索取号:F830.57/1] | 在馆 | |
| 4 | 615773 | 2000615773 | 中心书库北库/ 北库035架B面1列2层44/ [索取号:F830.57/1] | 在馆 | |
| 5 | 615774 | 2000615774 | 中心书库北库/ 北库035架B面1列2层42/ [索取号:F830.57/1] | 在馆 |